Normal view
MARC view
- الحديث-بئر زمزم
Entry Topical Term
001 - CONTROL NUMBER
- control field: 62073
003 - CONTROL NUMBER IDENTIFIER
- control field: JO-AjAnu
005 - DATE AND TIME OF LATEST TRANSACTION
- control field: 20230606084135.0
008 - FIXED-LENGTH DATA ELEMENTS
- fixed length control field: 230606|| aca||aabn | a|a d
040 ## - CATALOGING SOURCE
- Original cataloging agency: JO-AjAnu
- Transcribing agency: JO-AjAnu
150 ## - HEADING--TOPICAL TERM
- Topical term or geographic name entry element: الحديث-بئر زمزم
670 ## - SOURCE DATA FOUND
- Source citation: Work cat.: (JO-AjAnu)31657: بقلم بكداش، سائد، م.مشارك للحافظ ابن حجر, author 62072, فضل ماء زمزم وذكر تاريخية واسمائة وخصائصة وبركاتة ونية شربة واحكامة والاستشفاء به وجملة من الاشعار في مدحة